000
00300nam a22001337a 4500
999
_c
158268
_d
158268
020
_a
082
_a
_b
100
_a
Tathagatananda
245
_a
The vedanta society of New York:
_b
a brief survey/
_c
by Tathagatananda.
260
_a
_b
_c
2000.
300
_a
343p.
650
_a
942
_c
BK